| 000 | 00391nam a22001457a 4500 | ||
|---|---|---|---|
| 999 |
_c7706 _d7706 |
||
| 003 | GBCCL | ||
| 005 | 20241126110634.0 | ||
| 008 | 180912b ||||| |||| 00| 0 eng d | ||
| 040 | _cgbc | ||
| 082 |
_aSOU CON _b2016 |
||
| 245 |
_aConvention book house golden jubilee souvenir: _b1966-2016 / _cedited by N Thawnzagin |
||
| 260 |
_aNew lamka: _bCBH, _c2016 |
||
| 300 | _a60p. ; | ||
| 942 |
_2ddc _cARCH |
||